Statistiche per Paesi che circondano Roma

Clicka qui per fare il quiz!

Statistiche generali

  • Questo quiz è stato fatto 632 volte
  • Il punteggio medio è 15 su 17

Statistiche sulle risposte

Direzione Paese % Corretto
259°-297°, 298°-317°Francia
97%
250°-259°Spagna
95%
108°-124°Grecia
94%
0°-7°, 344°-357°Austria
93%
317°-344°Svizzera
93%
88°-108°Albania
93%
185°-212°Tunisia
92%
10°-81°Croazia
91%
7°-10°Slovenia
91%
130°-164°, 166°-185°Libia
89%
212°-244°Algeria
89%
164°-166°Malta
87%
244°-250°Marocco
86%
124°-130°Egitto
82%
357°-0°San Marino
82%
81°-88°Montenegro
81%
297°-298°Monaco
77%

Distribuzione punteggi

Percentile per numero di risposta

Percentuale di utenti per punteggio

I tuoi punteggi nel tempo

Non hai fatto questo quiz